Đang tải...
Ente kayyoppukal: Rasul Pookkuttiyute athmakadanam /
| Tác giả khác: | |
|---|---|
| Định dạng: | Printed Book |
| Ngôn ngữ: | Malayalam |
| Được phát hành: |
Kottayam:
D C Books,
2009.
|
| Những chủ đề: |
| LEADER | 00543cam a2200169ua 4500 | ||
|---|---|---|---|
| 008 | 100609t2009||||||||||| 00 ||mal c | ||
| 041 | 0 | |a mal | |
| 082 | |a 927 |b RAS/E | ||
| 245 | 1 | 0 | |a Ente kayyoppukal: Rasul Pookkuttiyute athmakadanam / |
| 260 | |a Kottayam: |b D C Books, |c 2009. | ||
| 300 | |a 62p.. | ||
| 362 | 1 | |a 2009. | |
| 650 | 0 | |a Rasul pookkutty-Biography | |
| 700 | 0 | 2 | |a Rasul Pookkutty, John |
| 942 | |c BK | ||
| 999 | |c 22242 |d 22242 | ||
| 952 | |0 0 |1 0 |4 0 |6 927_000000000000000_RAS |7 0 |9 23574 |a KUCL |b KUCL |d 2014-05-23 |l 0 |o 927 RAS/ |p 22701 |r 2020-08-10 |w 2014-05-23 |y BK | ||